[Event "Hoogovens op"]
[Site "Wijk aan Zee"]
[Date "1993.01.??"]
[Round "9"]
[White "Oll, Lembit"]
[Black "Gelfand, Boris"]
[Result "1-0"]
[WhiteElo "2585"]
[BlackElo "2690"]
[Annotator "Dautov"]
[PlyCount "103"]
[EventDate "1993.01.??"]
[EventType "swiss"]
[EventRounds "12"]
[EventCountry "NED"]
[Source "ChessBase"]
[SourceDate "1993.06.01"]

1. d4 Nf6 2. c4 e6 3. Nf3 b6 4. g3 Ba6 5. Nbd2 b5 6. cxb5 (6. Bg2 bxc4 7. Qa4
Nd5 8. Nxc4 Bb4+ 9. Ncd2 (9. Bd2 $5) 9... O-O 10. a3 Bxd2+ (10... Be7 $5 $13)
11. Bxd2 f5 12. Ne5 d6 13. Nc4 Qd7 14. Qxd7 Nxd7 15. Rc1 N7f6 16. O-O $14 {
Mascarinas,R-Rivas Pastor,M Manila olm 1992}) 6... Bxb5 7. Ne5 $5 {N} (7. Bg2
d5 8. O-O c5 9. dxc5 Bxc5 10. b4 (10. Nb3 Ba4 11. Qd3 Bxb3 12. axb3 $6 (12.
Qxb3 $10) 12... O-O 13. Be3 Nbd7 14. Rfc1 Rc8 15. Bxc5 Nxc5 16. Qe3 Qb6 $15 {
Polugaevsky,L-Rivas Pastor,M Logronon ESP-CIS 1991}) 10... Bxb4 $1 (10... Bd6
11. a4 Bd7 12. Rb1 Qe7 13. b5 a6 14. e4 dxe4 15. Ng5 Nd5 16. Ndxe4 Bb4 17. Nxf7
$1 $18 {Gheorghiu,F-Przewoznik,J Timisoara 1987}) 11. Rb1 Nc6 12. a3 Bxd2 13.
Bxd2 Bc4 14. Qa4 Qd7 $17) 7... d5 8. Bg2 Nfd7 $6 (8... Nbd7 9. a4 $5 (9. Ndf3
Nxe5 10. Nxe5 c5 $10) 9... Ba6 10. Nc6 Qc8 11. b4 Bb7 12. b5 Bxc6 13. bxc6 Nb8
$13) (8... c5 9. Ndf3 (9. O-O cxd4 10. Ndf3 Bc5 $13) (9. Qb3 Qb6) 9... Nbd7 10.
Bf4 (10. Ng5 Nxe5 11. dxe5 Ng4 $13 (11... Nd7 $6 12. Bxd5 exd5 13. Qxd5 $16))
10... Nxe5 11. Bxe5 Qa5+ $10) 9. Ndf3 Nxe5 10. Nxe5 Nd7 (10... c5 11. O-O $14)
11. a4 $1 Nxe5 (11... Ba6 12. Nc6 Qc8 13. b4 Bb7 14. b5 Bxc6 15. bxc6 Nb8 16.
O-O Nxc6 17. e4 $36) 12. axb5 Bb4+ 13. Kf1 $1 (13. Bd2 Bxd2+ 14. Qxd2 Nc4 $10)
13... Nd7 $6 (13... Nc4 $1 14. e4 (14. Qa4 Be7 15. b6+ Qd7 16. b7 (16. bxa7
Qxa4 17. Rxa4 Nb6 18. Ra6 Nc8 $10) (16. bxc7 Qxa4 17. Rxa4 Nb6 18. Ra6 Kd7 $10)
16... Rb8 17. Qxd7+ Kxd7 18. Rxa7 c6 $10) 14... O-O 15. exd5 exd5 {/\Rb8} 16.
Qb3 Bd2 $10) 14. e4 $14 Nb6 (14... Nf6 15. e5 Nd7 16. Qg4 g6 17. Qe2 O-O 18. h4
$16) 15. Qb3 Be7 16. Bf4 O-O 17. exd5 Nxd5 (17... exd5 $1 18. Bf3 Bg5 (18...
Bd6 19. Be3 $14) 19. Bxg5 Qxg5 20. Kg2 Nc4 21. Qb4 $14) 18. Bxd5 exd5 19. Kg2
Bd6 20. Be3 $6 (20. Bxd6 $1 Qxd6 21. Ra6 Qd7 22. Rc1 $16) 20... Qe8 $1 21. Qxd5
Rb8 22. Ra5 Bb4 23. Rxa7 Rxb5 24. Qf3 Bd6 $44 25. Bc1 (25. Rb1 Qb8 26. Ra2 Rb3
$44) 25... Qb8 $6 (25... Qe6 $1 26. Rb7 (26. Rd1 Rb3 27. Qc6 h6 $5 $44) 26...
Rf5 27. Qc6 Rd5 $1 28. Be3 Qe4+ 29. f3 Qxe3 30. Qxd5 Qd2+ 31. Kh3 Qh6+ 32. Kg4
Qg6+ 33. Kh3 $10) 26. Ra6 Qc8 27. Qc6 Rh5 28. h4 Rf5 29. Ra7 Qe6 30. Be3 Rd5
31. Re1 $16 Rxd4 (31... Rf5 32. Ra8 $16) 32. Rxc7 Rxh4 $6 (32... Qe4+ 33. Qxe4
Rxe4 34. Rd7 $16) 33. gxh4 Qg4+ 34. Kf1 Qh3+ 35. Ke2 Qg4+ 36. f3 $18 Qg2+ 37.
Kd1 Bxc7 38. Qxc7 Qxb2 (38... Qxf3+ 39. Kc1 Qf5 40. Rd1 $18) 39. Bd2 Qf6 40.
Qf4 Qxf4 41. Bxf4 Ra8 42. Re7 f6 43. Ke2 Ra5 44. Kf2 Rb5 45. Kg3 Ra5 46. Rc7 h5
47. Be3 Ra3 48. Bd4 Rd3 49. Bc3 Rd5 50. Kf4 Rb5 51. Ke4 Rb3 52. Bd4 1-0

[Event "Hoogovens op"]
[Site "Wijk aan Zee"]
[Date "1993.01.??"]
[Round "10"]
[White "Piket, Jeroen"]
[Black "Oll, Lembit"]
[Result "0-1"]
[WhiteElo "2590"]
[BlackElo "2585"]
[PlyCount "92"]
[EventDate "1993.01.??"]
[EventType "swiss"]
[EventRounds "12"]
[EventCountry "NED"]
[Source "ChessBase"]
[SourceDate "1993.06.01"]

1. d4 Nf6 2. Bg5 e6 3. e4 d6 4. Nc3 Be7 5. Nf3 O-O 6. Qd2 Nc6 7. Bb5 Bd7 8.
O-O-O a6 9. Bxc6 Bxc6 10. Rhe1 h6 11. Bxf6 Bxf6 12. d5 exd5 13. Nxd5 Re8 14. g4
a5 15. Qf4 Re6 16. h4 Bxd5 17. Rxd5 c6 18. Rd3 Qb6 19. Rb3 Qxf2 20. Rxb7 Rae8
21. Kd1 Re5 22. Qe3 Qxe3 23. Rxe3 Rxe4 24. Rxe4 Rxe4 25. g5 hxg5 26. hxg5 Be7
27. Ra7 a4 28. g6 fxg6 29. Nd2 Re6 30. Rxa4 g5 31. Rg4 d5 32. c4 Kf7 33. cxd5
cxd5 34. a4 Rb6 35. Kc2 Rb4 36. Rxb4 Bxb4 37. Nf1 Ke6 38. Kd3 g4 39. Ne3 g3 40.
Ke2 d4 41. Ng2 Kd5 42. Kf3 d3 43. Nf4+ Kc4 44. Nxd3 Kxd3 45. Kxg3 Kc4 46. Kf4
Kb3 0-1

[Event "Hoogovens op"]
[Site "Wijk aan Zee"]
[Date "1993.01.??"]
[Round "11"]
[White "Salov, Valery"]
[Black "Oll, Lembit"]
[Result "1-0"]
[WhiteElo "2660"]
[BlackElo "2585"]
[Annotator "Ribli"]
[PlyCount "135"]
[EventDate "1993.01.??"]
[EventType "swiss"]
[EventRounds "12"]
[EventCountry "NED"]
[Source "ChessBase"]
[SourceDate "1993.06.01"]

1. Nf3 d5 2. c4 e6 3. g3 Nf6 4. Bg2 dxc4 5. Qa4+ Nbd7 6. Qxc4 c5 7. Qb3 Rb8 8.
d3 Bd6 9. a4 b6 10. Na3 a6 11. Nc4 Bc7 12. Bd2 O-O 13. O-O Bb7 14. Rfc1 $5 (14.
Qa3 Ra8 15. b4 b5 16. axb5 axb5 17. Na5 Bxa5 18. bxa5 Ra6 19. Qb2 Bc6 20. Rfc1
Qa8 21. Be3 $13 {Foisor-Luther  Corfu 1991  52/18}) 14... b5 15. axb5 axb5 16.
Na5 Bd5 (16... Ba8 $5) 17. Qc2 Ra8 18. b4 {/\ e4} Bxa5 19. bxa5 b4 20. a6 $1
Qb6 21. e4 b3 (21... Bc6 22. Nd4 $1 $16) 22. Qb2 Bc6 23. Ra3 Rxa6 24. Rxb3 $14
Qa7 25. h3 Ra2 26. Qc3 Qa6 27. Be3 {>< c5} Ba4 28. Ra3 Rxa3 29. Qxa3 Bb5 30.
Qxa6 Bxa6 31. Bf1 Rc8 32. Ra1 Rc6 33. Nd2 h6 34. f4 e5 35. Kf2 Ne8 36. Ra5 Nd6
(36... f6 37. h4 $14) 37. fxe5 Nb7 38. Ra3 Nxe5 39. Bf4 Nd7 40. h4 $1 Nf8 41.
e5 Rb6 42. Nc4 Bxc4 43. dxc4 Nd8 44. Ra8 $1 Nde6 45. h5 $1 Kh7 46. Ra7 g5 47.
Be3 Kg7 48. Bd3 Rb2+ 49. Kf1 Rb3 50. Ke2 Rb2+ 51. Kf1 Rb3 52. Ke2 Rb2+ 53. Ke1
$1 Rg2 54. Bf5 Rh2 (54... Rxg3 $4 55. Kf2 $18) 55. g4 Rh3 56. Kf2 Rh2+ 57. Ke1
Rh3 58. Kf2 Rh2+ 59. Kg3 Rb2 60. Be4 Rb3 61. Kf2 Rb2+ 62. Kf3 Rb3 63. Bd5 Nd8
64. Ke4 Nfe6 65. Ra5 Rc3 66. Bxc5 Rg3 67. Be7 Rxg4+ 68. Ke3 1-0

[Event "Vilnius zt"]
[Site "Vilnius"]
[Date "1993.??.??"]
[Round "?"]
[White "Butnorius, Algimantas"]
[Black "Oll, Lembit"]
[Result "0-1"]
[WhiteElo "2415"]
[BlackElo "2585"]
[PlyCount "94"]
[EventDate "1993.03.??"]
[EventType "tourn"]
[EventRounds "13"]
[EventCountry "LTU"]
[EventCategory "8"]
[Source "ChessBase"]
[SourceDate "1993.08.01"]

1. d4 Nf6 2. c4 e6 3. Nf3 Bb4+ 4. Bd2 Qe7 5. g3 Nc6 6. Bg2 Bxd2+ 7. Nbxd2 d6 8.
O-O a5 9. e4 e5 10. d5 Nb8 11. c5 O-O 12. cxd6 cxd6 13. Ne1 Bg4 14. f3 Bd7 15.
Rf2 Na6 16. Nc4 Nc5 17. Rc2 Be8 18. Nd3 Nxd3 19. Qxd3 b5 20. Ne3 Qa7 21. Bh3
Nd7 22. Kg2 Nc5 23. Qd2 g6 24. Rac1 f6 25. b3 Kh8 26. Kh1 Bd7 27. Bxd7 Qxd7 28.
g4 Qg7 29. Qe2 Qh6 30. Re1 Rab8 31. Rcc1 Rf7 32. Red1 Rc7 33. Kg1 Qg5 34. Qd2
h5 35. Nf1 Qxd2 36. Rxd2 hxg4 37. fxg4 Rh7 38. Ng3 Rh4 39. Rf1 Rxg4 40. Re2 Kg7
41. Re3 Rh8 42. a3 Rhh4 43. b4 axb4 44. axb4 Nxe4 45. Ra1 f5 46. Ra7+ Kh6 47.
Re1 Nd2 0-1

[Event "Vilnius zt"]
[Site "Vilnius"]
[Date "1993.??.??"]
[Round "?"]
[White "Lauk, Uelar"]
[Black "Oll, Lembit"]
[Result "1-0"]
[WhiteElo "2410"]
[BlackElo "2585"]
[PlyCount "77"]
[EventDate "1993.03.??"]
[EventType "tourn"]
[EventRounds "13"]
[EventCountry "LTU"]
[EventCategory "8"]
[Source "ChessBase"]
[SourceDate "1993.08.01"]

1. e4 c5 2. Nf3 e6 3. d4 cxd4 4. Nxd4 a6 5. Bd3 Bc5 6. Nb3 Ba7 7. Nc3 Nc6 8.
Qe2 Nge7 9. Be3 Qc7 10. O-O-O b5 11. Rhe1 Nb4 12. f4 O-O 13. Kb1 Nxd3 14. Qxd3
b4 15. Bxa7 Rxa7 16. Ne2 d5 17. e5 a5 18. Ned4 Ba6 19. Qe3 a4 20. Nc1 Rc8 21.
Rd2 Qb8 22. g4 a3 23. b3 Rc3 24. Nd3 Rac7 25. Ne2 R3c6 26. Nd4 Rb6 27. f5 Rc3
28. Qg5 Qc7 29. fxe6 fxe6 30. Nf4 Qd7 31. Rf2 Rc8 32. Nfxe6 Ng6 33. Qf5 Qe7 34.
Nf4 Qc5 35. Nxg6 Rxg6 36. Qf7+ Kh8 37. e6 h5 38. e7 Kh7 39. e8=Q 1-0

[Event "Vilnius zt"]
[Site "Vilnius"]
[Date "1993.??.??"]
[Round "?"]
[White "Malisauskas, Vidmantas"]
[Black "Oll, Lembit"]
[Result "1-0"]
[WhiteElo "2570"]
[BlackElo "2585"]
[Annotator "Chekhov"]
[PlyCount "51"]
[EventDate "1993.03.??"]
[EventType "tourn"]
[EventRounds "13"]
[EventCountry "LTU"]
[EventCategory "8"]
[Source "ChessBase"]
[SourceDate "1993.08.01"]

1. e4 c6 2. d4 d5 3. Nd2 dxe4 4. Nxe4 Nd7 5. Ng5 Ngf6 6. Bd3 e6 7. Qe2 Bd6 8.
N1f3 h6 9. Ne4 (9. Nxe6 $2 fxe6 10. Bg6+ Ke7 11. O-O Nf8 12. Bd3 Bd7 13. Ne5
Qe8 14. f4 Kd8 15. c4 Kc7 $17 {Arnason-Ostenstad/Torshavn/1987/}) (9. Nh3 g5
10. Nd2 Nb6 11. Nb3 Qc7 12. Ng1 Nbd5 $10 {Borkowski-Sapis/Hradec Kralove/1987/}
) 9... Nxe4 10. Qxe4 Nf6 (10... Qc7 $5 11. Qg4 Kf8 12. O-O c5 13. b3 e5 14.
dxc5 Nxc5 15. Bf5 $1 h5 16. Qh3 Ne6 $14 {Gelfand-Speelman/Munich/1992/}) (10...
Nb6) 11. Qe2 Qc7 (11... b6 12. Bd2 Bb7 13. O-O-O Qc7 14. Kb1 (14. Rhe1 O-O-O
15. Ba6 Bxa6 16. Qxa6+ Kb8 17. Qe2 Nd5 18. c4 Nf4 19. Qf1 Ng6 20. g3 $14 {
(Sokolov,A-Karpov,Beefort 1988)}) (14. Ne5 O-O-O 15. f4 c5 16. dxc5 Bxc5 17.
Kb1 Kb8 18. Rhe1 $14 {De Firmian-Spriridonov/Lugano/1989/}) 14... O-O-O 15. Ba6
Rd7 16. Bxb7+ Qxb7 17. Ne5 Bxe5 18. dxe5 Ng8 19. c4 Ne7 20. Be3 Rhd8 $14 {
Thorsteinsson-Kamsky/Reykjavik/1990/}) 12. Bd2 O-O $6 (12... b6 $142 13. O-O-O
Bb7 $14) 13. O-O-O c5 14. g4 $1 $16 Nd5 (14... cxd4 15. g5 hxg5 16. Nxg5 $40) (
14... Nxg4 15. Rdg1 Nf6 (15... Nxh2 $2 16. Bxh6 Bf4+ 17. Bxf4 Qxf4+ 18. Qd2
Qxd2+ (18... Qxf3 19. Rxg7+ Kxg7 20. Qg5+ Kh8 21. Rxh2+) 19. Nxd2 $18) 16. Ne5
(16. Bxh6 Bf4+ $13) 16... cxd4 (16... Kh8 17. Bxh6 $1 Rg8 18. Bg5 Bxe5 19. Bxf6
$18) 17. Bxh6 Ne8 (17... Bxe5 18. Bxg7 Bf4+ 19. Kb1 $18) 18. Bxg7 $1 Nxg7 19.
Rxg7+ Kxg7 20. Rg1+ Kf6 21. Qh5 Ke7 22. Qh4+ f6 (22... Ke8 23. Bb5+ Bd7 24.
Bxd7+ Qxd7 25. Nxd7 Kxd7 26. Qxd4 $18) 23. Rg7+ Kd8 24. Rxc7 Kxc7 25. Qh7+ Kb6
(25... Kb8 26. Nd7+ Bxd7 27. Qxd7 $16) 26. Nc4+ Kc6 27. Qe4+ Kc7 28. Nxd6 Kxd6
29. Qxd4+ Ke7 30. Qc5+ Ke8 (30... Kf7 31. Qc7+ Kg8 32. Qh7#) 31. Bg6+ $18) 15.
g5 Nf4 16. Bxf4 Bxf4+ 17. Kb1 cxd4 (17... h5 18. g6 f6 19. Nh4 $16) 18. Rhg1 e5
$6 (18... hxg5 $14 19. h4 $1 (19. Nxg5 Bxg5 20. Rxg5 f5 $13)) 19. gxh6 Bxh6 20.
Nxe5 $1 Qd6 (20... Re8 21. Qh5 $1 Kf8 $1 (21... Qxe5 22. Qxh6 {/\ 23.f4+-}) 22.
f4 $16) 21. Qe4 f5 $8 (21... g6 22. Nxg6 $18) 22. Bc4+ Kh7 (22... Be6 23. Qxd4
Qe7 24. Ng6 $18) 23. Qxd4 Qxd4 24. Rxd4 $18 f4 25. Ng6 Re8 (25... Rf6 26. Rd8
Rxg6 27. Bg8+ Kh8 28. Bf7+ Kh7 29. Bxg6#) 26. Bf7 (26. Bf7 Re2 27. Rd8 {/\ Rh8}
) 1-0

[Event "Vilnius zt"]
[Site "Vilnius"]
[Date "1993.??.??"]
[Round "?"]
[White "Novikovas, Vitalijus"]
[Black "Oll, Lembit"]
[Result "0-1"]
[WhiteElo "2270"]
[BlackElo "2585"]
[PlyCount "84"]
[EventDate "1993.03.??"]
[EventType "tourn"]
[EventRounds "13"]
[EventCountry "LTU"]
[EventCategory "8"]
[Source "ChessBase"]
[SourceDate "1993.08.01"]

1. e4 c5 2. Nf3 e6 3. c3 d5 4. exd5 exd5 5. d4 c4 6. b3 cxb3 7. axb3 Bd6 8. Bd3
Ne7 9. O-O Nbc6 10. Re1 O-O 11. h3 Ng6 12. Ba3 Nf4 13. Bf1 Bf5 14. Ne5 Bxe5 15.
dxe5 Re8 16. Bc1 Ng6 17. f4 d4 18. Bd3 Bxd3 19. Qxd3 Qb6 20. cxd4 Nb4 21. Qe4
f5 22. Qe2 Qxd4+ 23. Be3 Qxa1 24. Qc4+ Kh8 25. Qxb4 Qa6 26. Nd2 Qc6 27. Nc4 Re6
28. Nd6 Nh4 29. Qd2 Rg6 30. Nf7+ Kg8 31. Ng5 h6 32. Qf2 hxg5 33. fxg5 f4 34.
Bxf4 Nf5 35. h4 Rf8 36. h5 Re6 37. Kh2 Qd5 38. Qe2 Nd4 39. Qe4 Qxe4 40. Rxe4
Nxb3 41. g3 a5 42. Kh3 b5 0-1

[Event "Vilnius zt"]
[Site "Vilnius"]
[Date "1993.??.??"]
[Round "?"]
[White "Oll, Lembit"]
[Black "Piesina, Gintautas"]
[Result "1-0"]
[WhiteElo "2585"]
[BlackElo "2395"]
[Annotator "Chekhov"]
[PlyCount "77"]
[EventDate "1993.03.??"]
[EventType "tourn"]
[EventRounds "13"]
[EventCountry "LTU"]
[EventCategory "8"]
[Source "ChessBase"]
[SourceDate "1993.08.01"]

1. d4 Nf6 2. c4 g6 3. Nc3 Bg7 4. e4 d6 5. Nf3 O-O 6. Be2 e5 7. O-O Nc6 8. d5
Ne7 9. Bg5 $5 Nh5 10. g3 (10. Ne1 Nf4 11. Nd3 Nxe2+ 12. Qxe2 h6 13. Bd2 g5 $5 (
13... f5 14. f4 fxe4 15. Nxe4 Nf5 16. fxe5 dxe5 17. Bc3 Nd4 18. Bxd4 exd4 19.
Nf4 Qe8 20. Rae1 $16 {Ginsburg-Mc Michael/London/1991/}) 14. h4 g4 15. f3 gxf3
16. Qxf3 f5 17. Qh5 Rf6 18. g4 f4 19. g5 hxg5 20. hxg5 Rg6 $13 {
Oll-Shirov/Tilburg/1992/}) 10... h6 (10... f6 11. Bd2 f5 12. exf5 Nxf5 $14) 11.
Bd2 Bh3 (11... f5 $5 12. Nh4 Nf6 13. exf5 g5 14. Ng2 Nxf5 15. Bd3 Nd4 $10 {
Krasenkov-Watson/Capelle la Grande/1990/}) 12. Re1 f5 13. Nh4 Nf6 14. exf5 g5 (
14... gxf5 15. Qc1 f4 16. gxf4 Nd7 $1 17. Kh1 {Legky-Mestel/Groningen/1989/}
Nf5 $1 18. Nxf5 Rxf5 19. Bd3 $13) 15. Ng6 Nxg6 16. fxg6 Bf5 17. Bf3 $1 $146 {
/\ 18.c5 dc5 19.Qb3+/-} (17. Be3 Qe8 18. c5 a6 19. Rc1 Qxg6 $10 {
Bern-Watson/Gausdal/1991/}) 17... g4 18. Bg2 Qe8 (18... b6 19. b4 a5 20. bxa5
Rxa5 21. a4 $14 {/\ 22.Nb5, 23.a5}) 19. c5 $1 b6 (19... a6 20. Qb3 Rb8 21. cxd6
cxd6 22. a4 $14) (19... Qxg6 $6 20. Nb5 $16) 20. cxd6 cxd6 21. Rc1 Qxg6 22. Nb5
Ne4 23. Be3 Nc5 24. Nc7 (24. Rc4 $1) 24... Rac8 25. Nb5 Ra8 (25... a6 $5 26.
Na7 Rc7 27. Bxc5 $8 bxc5 28. Nc6 $14) 26. Rc4 $1 h5 27. b4 $16 Nd3 (27... Ne4
28. Rc6 $16) (27... Nd7 28. Rc6 Rf6 29. Qc1 $16) (27... Bd3 28. bxc5 $8 Bxc4
29. Nxd6 Bd3 30. c6 $1 $16) 28. Re2 Bh6 29. Bxh6 Qxh6 30. Qd2 Qg6 (30... Qxd2
31. Rxd2 Rfd8 32. Be4 Bxe4 33. Rxe4 Nc1 34. Re1 $18) 31. Nc7 Rac8 32. Qc3 b5 $6
33. Rc6 Rf6 34. Ne6 Rxc6 35. Qxc6 $18 Nxb4 36. Qxd6 Nc2 37. Qd8+ Kh7 38. Nf8+
Rxf8 39. Qxf8 1-0

[Event "Vilnius zt"]
[Site "Vilnius"]
[Date "1993.??.??"]
[Round "?"]
[White "Oll, Lembit"]
[Black "Ruzele, Darius"]
[Result "1/2-1/2"]
[WhiteElo "2585"]
[BlackElo "2500"]
[Annotator "Chekhov"]
[PlyCount "67"]
[EventDate "1993.03.??"]
[EventType "tourn"]
[EventRounds "13"]
[EventCountry "LTU"]
[EventCategory "8"]
[Source "ChessBase"]
[SourceDate "1993.08.01"]

1. d4 d5 2. c4 dxc4 3. e4 Nf6 (3... c5 $5 4. d5 Nf6 5. Nc3 b5 $1 $132) (3...
Nc6 4. Be3 e5 5. d5 Nce7 6. Bxc4 Ng6 7. Bb5+ Bd7 8. Qb3 Nf6 9. Bxd7+ Nxd7 10.
Qxb7 Rb8 11. Qc6 Nh4 $1 12. Kf1 Bc5 13. Bxc5 Qg5 14. Nd2 Qxd2 15. Ba3 Qd3+ 16.
Ne2 Nxg2 17. Qc3 $1 Qxc3 18. Nxc3 $14 {Shirov-Marshed/Brno/1991/}) (3... e5 4.
Nf3 Bb4+ 5. Bd2 Bxd2+ 6. Nbxd2 exd4 7. Bxc4 Nc6 8. O-O Qf6 9. b4 $1 (9. Re1
Nge7 10. b4 a6 $1 11. e5 Qg6 12. Qb3 Be6 13. a4 O-O 14. Bxe6 fxe6 15. b5 $6 Na5
$1 16. Qb4 Nd5 $1 $17 {Epishin-Polgar,Zs/Brno/1991/}) 9... a6 10. e5 Qg6 11.
Nb3 {Shirov-Polgar,Zs/Brno/1991/} Nge7 12. Nbxd4 O-O 13. Re1 $14) 4. e5 Nd5 5.
Bxc4 Nb6 6. Bb3 (6. Bd3 Nc6 7. Be3 Nb4 8. Be4 f5 $1 9. exf6 exf6 10. Nc3 f5 11.
Bf3 N4d5 12. Bd2 Be6 13. Nge2 Qd7 $132 {Karpov-Short/Linares/1992/}) 6... Nc6
7. Ne2 (7. Nf3 Bg4 8. Bxf7+ Kxf7 9. Ng5+ Ke8 10. Qxg4 Qxd4 11. Qe2 Qxe5 12. Be3
$44) 7... Bf5 8. Nbc3 e6 9. a3 Qd7 $5 $146 (9... Be7 10. O-O O-O 11. Be3 Qd7
12. Ng3 Bg6 13. f4 Na5 14. d5 $1 $36) 10. O-O Rd8 11. Be3 Be7 12. h3 (12. Ba2
$5 O-O 13. b4 a6 $6 (13... Rfe8) 14. Qc1 Rfe8 15. Rd1 Bf8 16. Ng3 {
Romanishin-Hort/Biel/1988/} Bg6 17. h4 h6 18. h5 Bh7 19. Nce4 Be7 $1 $14) 12...
Na5 13. Ba2 (13. Bc2 $5 Bxc2 14. Qxc2 Nac4 15. Rad1 $132) 13... Nac4 14. Ng3
Bg6 (14... Nxb2 $4 15. Qe2 $18) 15. Qe2 Nxe3 16. fxe3 c5 17. dxc5 $2 (17. Rad1
$5 cxd4 18. exd4) 17... Bxc5 18. Rad1 Qc7 19. Nge4 (19. Rxd8+ $5) 19... O-O 20.
Nd6 a6 (20... Bxd6 21. Nb5 Qc2 22. Rd2) 21. h4 h5 22. Qf3 (22. Nce4 Bxe4 23.
Nxe4 Qxe5 $17) 22... Nd7 $5 (22... Bxd6 23. exd6 Rxd6 24. Rxd6 Qxd6 25. Qxb7)
23. Qg3 (23. Qxb7 $2 Bxd6 $19) (23. Nxb7 $2 Nxe5) 23... Nxe5 $1 $17 24. Nc4 Bd3
25. Qxe5 (25. Nxe5 Bxf1 26. Rxf1 Bd6 $19) 25... Qxe5 26. Nxe5 Bxe3+ 27. Kh2 (
27. Rf2 Bc2 $5 (27... Bf5 28. Nd7 $1) 28. Re1 Bxf2+ 29. Kxf2 Rd2+ $36) 27...
Bxf1 28. Rxf1 Rd4 $6 (28... Bd4 $5 29. Nf3 (29. Re1 Bf2 30. Re4 Rd4 $17) (29.
Nxf7 Rde8) 29... Bxc3 30. bxc3 Rd3 $17) 29. Kg3 g5 30. hxg5 Bxg5 31. Nxf7 $10
Rg4+ (31... Rxf7 32. Bxe6 Rg4+ $10) 32. Kh3 Rh4+ 33. Kg3 Rg4+ 34. Kh3 1/2-1/2

[Event "Vilnius zt"]
[Site "Vilnius"]
[Date "1993.??.??"]
[Round "?"]
[White "Oll, Lembit"]
[Black "Sepp, Olav"]
[Result "1-0"]
[WhiteElo "2585"]
[BlackElo "2390"]
[Annotator "Belov"]
[PlyCount "91"]
[EventDate "1993.03.??"]
[EventType "tourn"]
[EventRounds "13"]
[EventCountry "LTU"]
[EventCategory "8"]
[Source "ChessBase"]
[SourceDate "1993.08.01"]

1. d4 {Knaak} Nf6 2. c4 g6 3. Nc3 Bg7 4. e4 d6 5. Nf3 O-O 6. Be2 e5 7. O-O Na6
8. Be3 Ng4 9. Bg5 Qe8 10. dxe5 dxe5 11. h3 h6 12. Bd2 Nf6 13. Be3 Nh5 (13...
Nd7 14. a3 f5 15. b4 f4 16. Bc1 c6 17. c5 Kh7 18. Bb2 $5 Nc7 19. Nb1 Qe7 20.
Nbd2 Rd8 21. Qc2 Ne6 22. Rfd1 Nd4 23. Nxd4 exd4 24. Nf3 Ne5 25. Nxd4 $16 {
Van Wely-Sepp/Manila ol/1992/}) 14. Re1 $5 (14. c5 Nf4 15. Bb5 Qe6 16. Re1 Kh8
$1 17. Bf1 g5 $1 18. a3 Qg6 19. Kh2 h5 $36 {Dokhoian-Kovalev/Neu Isenburg/1992/
}) 14... Nf4 (14... Be6 15. a3 c6 16. b4 f6 $6 17. Qc1 $1 Kh7 18. Nh4 Nf4 19.
Bxf4 exf4 20. Bd3 Rd8 21. Qc2 $16 {(Van Wely-Morosevic/Hyeres/1992/}) 15. Bf1
c6 (15... Ne6 $5) 16. a3 (16. Qc1 $1 g5 17. a3 $16) 16... Qe7 17. b4 Rd8 18.
Qc1 Nd3 (18... Qf6 19. Nh2 (19. Nd2 Nd3 20. Bxd3 Rxd3 $10) 19... h5 $14) (18...
g5 19. c5 Nc7 20. Nd2 {/\ Nc4-d6+/-}) 19. Bxd3 Rxd3 20. Na4 Kh7 21. b5 $1 Nc7 (
21... cxb5 {Knaak} 22. cxb5 Nc7 $14) 22. b6 axb6 (22... Ne6 $2 23. bxa7 Nd4 24.
Bxd4 exd4 25. Nb6 $18) 23. Nxb6 Rb8 24. Nxc8 Rxc8 25. Qb1 $1 Rxa3 26. Qxb7 Rxa1
27. Rxa1 $16 Qe8 (27... Qe6 $5) 28. Ra7 Kg8 29. Bc5 (29. c5 Ne6 $14) 29... Qe6
30. Qb4 (30. Qb6 $6 Qxc4 31. Rxc7 Rxc7 32. Qxc7 Qxc5) 30... Bf6 31. Qd2 Kg7 32.
Be3 g5 33. Nh2 $5 (33. Qa5 Ne8 34. c5 $16) 33... Qxc4 $5 34. Ng4 (34. Qd7 Rd8
35. Qxc7 Rd1+ $17) 34... Rd8 (34... Qe6 35. Bb6 {/\ Ne3-f5+/-}) 35. Qb2 $2 (35.
Qa5 $1 Rd1+ 36. Kh2 Ne6 37. Nxe5 $16) 35... Nb5 36. Rb7 Qxe4 $13 37. Kh2 Qd5
38. Qb1 Qd3 39. Qb4 Qd6 $2 (39... Rd7 40. Rxd7 Qxd7 41. Nxf6 Kxf6 42. Qf8 $1
$13) (39... Nd6 $1 40. Ra7 Qd5 $15) 40. Bc5 Qe6 41. Nxf6 $18 Qxf6 42. Be7 Qxf2
43. Bxd8 Nd4 44. Qc3 g4 45. hxg4 e4 46. Bb6 1-0

[Event "Vilnius zt"]
[Site "Vilnius"]
[Date "1993.??.??"]
[Round "?"]
[White "Oll, Lembit"]
[Black "Sokolov, Andrei"]
[Result "1/2-1/2"]
[WhiteElo "2585"]
[BlackElo "2480"]
[PlyCount "63"]
[EventDate "1993.03.??"]
[EventType "tourn"]
[EventRounds "13"]
[EventCountry "LTU"]
[EventCategory "8"]
[Source "ChessBase"]
[SourceDate "1993.08.01"]

1. d4 d6 2. Nf3 Bg4 3. e4 Nf6 4. Nc3 c6 5. Be2 e6 6. O-O d5 7. Ne5 Bxe2 8. Qxe2
dxe4 9. Nxe4 Nxe4 10. Qxe4 Be7 11. c4 Nd7 12. Nf3 O-O 13. Rd1 Nf6 14. Qe2 Qc7
15. Bg5 Rfe8 16. g3 Rad8 17. Rd3 b5 18. Rc1 bxc4 19. Rxc4 Nd5 20. Qc2 Bxg5 21.
Nxg5 Qe7 22. Qc1 Rc8 23. Rf3 f6 24. Ne4 Qd7 25. Nc5 Qd6 26. Ne4 Qd7 27. Nc5 Qd6
28. Rb3 Nb6 29. Rcb4 e5 30. Ne4 Qd5 31. Qc5 Re6 32. dxe5 1/2-1/2

[Event "Vilnius zt"]
[Site "Vilnius"]
[Date "1993.??.??"]
[Round "?"]
[White "Rytshagov, Mikhail"]
[Black "Oll, Lembit"]
[Result "0-1"]
[WhiteElo "2430"]
[BlackElo "2585"]
[PlyCount "94"]
[EventDate "1993.03.??"]
[EventType "tourn"]
[EventRounds "13"]
[EventCountry "LTU"]
[EventCategory "8"]
[Source "ChessBase"]
[SourceDate "1993.08.01"]

1. e4 c6 2. d4 d5 3. Nd2 dxe4 4. Nxe4 Nd7 5. Nf3 Ngf6 6. Nxf6+ Nxf6 7. Bc4 Bf5
8. O-O e6 9. Bg5 Be7 10. c3 O-O 11. Qb3 Qc7 12. Rfe1 Rad8 13. Rad1 Bg4 14. Be2
Rd5 15. Bh4 Rfd8 16. Bg3 Bd6 17. c4 Ra5 18. Ne5 Bxe2 19. Rxe2 c5 20. d5 Re8 21.
Rde1 exd5 22. Ng4 Rxe2 23. Rxe2 Bxg3 24. hxg3 d4 25. Qf3 Qd8 26. Nxf6+ gxf6 27.
Qxb7 Rxa2 28. Qc6 Kg7 29. Qxc5 Ra5 30. Qb4 Ra1+ 31. Kh2 d3 32. Rd2 Qd4 33. Qb5
Qe4 34. Qh5 Qxc4 35. f3 Rh1+ 36. Kxh1 Qc1+ 37. Kh2 Qxd2 38. Qg4+ Qg5 39. Qd4
Qh6+ 40. Kg1 Qc1+ 41. Kh2 d2 42. Qg4+ Kh8 43. Qb4 Kg7 44. Qg4+ Kf8 45. Qb4+ Ke8
46. Qb8+ Ke7 47. Qxa7+ Kf8 0-1

[Event "Vilnius zt"]
[Site "Vilnius"]
[Date "1993.??.??"]
[Round "?"]
[White "Zhuravliov, Valerij"]
[Black "Oll, Lembit"]
[Result "1/2-1/2"]
[WhiteElo "2485"]
[BlackElo "2585"]
[PlyCount "25"]
[EventDate "1993.03.??"]
[EventType "tourn"]
[EventRounds "13"]
[EventCountry "LTU"]
[EventCategory "8"]
[Source "ChessBase"]
[SourceDate "1993.08.01"]

1. e4 e6 2. d4 d5 3. Nc3 dxe4 4. Nxe4 Bd7 5. Nf3 Bc6 6. Bd3 Nd7 7. O-O Ngf6 8.
Re1 Bxe4 9. Bxe4 Nxe4 10. Rxe4 Nf6 11. Re1 Be7 12. c3 O-O 13. Bg5 1/2-1/2

[Event "Vilnius zt playoff"]
[Site "Vilnius"]
[Date "1993.??.??"]
[Round "?"]
[White "Malisauskas, Vidmantas"]
[Black "Oll, Lembit"]
[Result "1/2-1/2"]
[WhiteElo "2570"]
[BlackElo "2585"]
[PlyCount "97"]
[EventDate "1993.03.??"]
[EventType "match"]
[EventRounds "2"]
[EventCountry "LTU"]
[Source "ChessBase"]
[SourceDate "1993.08.01"]

1. e4 c5 2. Nf3 e6 3. d4 cxd4 4. Nxd4 a6 5. Nc3 Qc7 6. g3 Bb4 7. Nde2 Nc6 8.
Bg2 Nge7 9. Be3 Ne5 10. a3 Bd6 11. f4 Nc4 12. Bc1 e5 13. b3 Na5 14. f5 Nac6 15.
Be3 b5 16. O-O Nd4 17. f6 gxf6 18. Rxf6 Nxe2+ 19. Nxe2 Bc5 20. Bxc5 Qxc5+ 21.
Kh1 Bb7 22. Qd2 Rc8 23. Rd1 O-O 24. Qg5+ Ng6 25. h4 Rc6 26. h5 Qxc2 27. Rd2
Qb1+ 28. Rf1 Qxb3 29. Rxd7 Bc8 30. Rd8 Qxa3 31. hxg6 hxg6 32. Rfd1 Kg7 33.
Qxe5+ f6 34. Qd4 Rc4 35. Qb6 Rxd8 36. Rxd8 Qc5 37. Qxc5 Rxc5 38. Nd4 b4 39. Kh2
a5 40. Nb3 Rh5+ 41. Kg1 Be6 42. Nd4 Bf7 43. Rb8 Rc5 44. Rb7 Rc1+ 45. Kh2 a4 46.
Ne6+ Kg8 47. Rb8+ Kh7 48. Rb7 Kg8 49. Rb8+ 1/2-1/2